Movies Quiz

Random Movies or Definition Quiz

Cryptic Movie Title Meanings Quiz Stats

 Plays Quiz Updated Oct 4, 2018

Challenge
Share
Tweet
Embed
Score 0/20 Timer 10:00
0 Plays Today
Meaning Title % Correct
From the number of Spartan warriors who fought a doomed stand at Thermopylae300
96.8%
A phrase more often used in the UK to mean everything (e.g. 'the whole hog') here it refers to full frontal nudityThe Full Monty
63.1%
From a principle in chaos theory that tiny fluctuations in air pressure could, in theory, cause a typhoon thousands of miles awayThe Butterfly Effect
60.7%
From the third line in the Humpty Dumpty nursery rhymeAll the King's Men
57.7%
From the proverbial '________ in the room,' since school shootings are a problem no one will discussElephant
57.5%
The film's working title was 'In a Northwesterly Direction.' The current title was a placeholder, but the screenwriter and director never found anything betterNorth by Northwest
57.2%
This becomes the main character's Lakota name after his Indian friends see him frolicking with his canine palDances with Wolves
47%
From a nursery rhyme mentioned in the book. Also, relevantly, the bird in question is often used as a synonym for 'crazy'One Flew Over the Cuckoo's Nest
45.3%
Comes from the English translation of 'Orbis non sufficit,' the Bond family mottoThe World Is Not Enough
35.6%
The title only appears as graffiti very late into this Vietnam War film: 'Our motto: _______________'Apocalypse Now
35%
Meaning Title % Correct
Named for the magi of biblical fame, despite the fact that the film has four main charactersThree Kings
33.8%
This actioner takes its name from a US Supreme Court case which stated Congress could limit free speech if it presented a ________________________ to AmericaClear and Present Danger
27.7%
Comes from a note Jack the Ripper sent to the police, which he began with this two-word phraseFrom Hell
22.7%
Never mentioned in the movie, this Coen brothers comedy's title is an allusion to Preston Sturges' film 'Sullivan's Travels'O Brother Where Art Thou?
22%
An old Irish saying, 'May you be in heaven a full half-hour _____________________' applies to the evildoers in this filmBefore the Devil Knows You're Dead
19.3%
In the aftermath of the failed WWII Operation Market Garden, a general opines, 'I always felt we tried to go _________________'A Bridge Too Far
16.3%
Refers to the theoretical possibility that, during a meltdown, nuclear material could melt all the way through the earth to the other sideThe China Syndrome
14.8%
From the poem Eloisa to Abelard by Alexander Pope, in which forgetfulness became the heroine's only comfort.Eternal Sunshine of the Spotless Mind
12.6%
Originally called 1984 1/2, this dystopian film ultimately took its title from a song played over the opening creditsBrazil
10.1%
It's the location of the film's final act, but metaphorically refers to a place where there is no morality and bad things occur Chinatown
5.3%

You're not logged in!

Compare scores with friends on all Sporcle quizzes.
OR
Log In

You Might Also Like...

Show Comments

Extras

Top Quizzes Today


Score Distribution

Your Account Isn't Verified!

In order to create a playlist on Sporcle, you need to verify the email address you used during registration. Go to your Sporcle Settings to finish the process.

Report this User

Report this user for behavior that violates our Community Guidelines.

Details: